00554 2200217 4500001002100000005001500021035002000036007000300056008004100059020001800100082001000118084001600128100002700144245003900171250001000210260003900220300002900259650002600288990001100314990001100325INLIS00000000000125820180115122240 a0010-0118000076ta180115 g 0 ind  a979-3931-92-2 a612.3 a612.3 FIT i0 aFitri Respati Ambawati1 aIlmu Gizi dan Kesehatan Reproduksi aCet.1 aYogyakarta :bCakrawalaIlmu,c2015 a138hlm ;c13,5 x 20,5 cm aKesehatan , Ilmu Gizi a5784 a a5784 b